Christmas Carol Lyrics - Statistics

General Stats
  • This quiz has been taken 102 times
  • The average score is 8 of 37
Answer Stats
Starts With... Song % Correct
S Silent Night
63%
A Away In A Manger
60%
J Jingle Bells
59%
D Deck The Halls
51%
R Rudolph The Red Nosed Reindeer
40%
F Frosty The Snowman
38%
J Jingle Bell Rock
37%
H Hark The Herald Angels Sing
36%
W We Wish You A Merry Christmas
34%
O O Come All Ye Faithful
33%
W White Christmas
32%
W Winter Wonderland
29%
S Santa Claus Is Coming To Town
26%
S Silver Bells
23%
T Twelve (12) Days Of Christmas
22%
J Joy To The World
21%
O O' Christmas Tree
21%
H Holly Jolly Christmas
16%
R Rockin' Around The Christmas Tree
16%
L Let It Snow
15%
L Little Drummer Boy
14%
S Sleigh Ride
14%
H Have Yourself A Merry Little Christmas
13%
S Santa Baby
13%
D Do You Hear What I Hear
8%
I I'll Be Home For Christmas
8%
F First Noel, The
7%
I I Saw Mommy Kissing Santa Claus
7%
O Oh Holy Night
7%
G Grandma Got Runover By A Reindeer
5%
I It's Beginning To Look A Lot Like Christmas
4%
O O Tannenbaum
4%
H Here Comes Santa Claus
3%
G Grinch Theme, The
2%
I It Came Upon The Midnight Clear
1%
F Feliz Nividad
0%
M Most Wonderful Time Of The Year, The
0%
No matching quizzes found
Score Distribution
Percent of People with Each Score
Percentile by Number Answered
Your Score History
You have not taken this quiz